000 00549nam a2200169 4500
001 138415
003 ES-MaACL
005 20230906195548.0
007 t|
008 070214s1962 sp r ||||1| spa d
100 1 _aSandoval Campdera, Juan María.
_9103109
245 1 3 _aLa Economía y los economistas /
_cpor Juan María Sandoval Campdera.
260 _aMadrid :
_b[s. n.],
_c1962 (
_fGráf. Diana)
300 _a45 p. ;
_c24 cm.
500 _aPrecede al tít.:Por la verdad, hacia la justicia social.
852 _aES-MaACL
_j2025-F-23
_bR.49898
999 _c138415
_d138415